| 000 -LEADER |
| fixed length control field |
00715nam a2200217Ia 4500 |
| 001 - CONTROL NUMBER |
| control field |
16863 |
| 003 - CONTROL NUMBER IDENTIFIER |
| control field |
GE_BSU |
| 008 - FIXED-LENGTH DATA ELEMENTS--GENERAL INFORMATION |
| fixed length control field |
181216s||||||||xx |||||||||||||| ||und|| |
| 040 ## - CATALOGING SOURCE |
| Transcribing agency |
GE_BSU |
| 080 ## - UNIVERSAL DECIMAL CLASSIFICATION NUMBER |
| Universal Decimal Classification number |
821.353.1-2 |
| 100 ## - MAIN ENTRY--PERSONAL NAME |
| Personal name |
ბუხნიკაშვილი, გუგული |
| 245 ## - TITLE STATEMENT |
| Title |
საქართველოს ოქტომბერი |
| 245 ## - TITLE STATEMENT |
| Remainder of title |
აგიტ-მიმოხილვა 3 მოქ. |
| 245 ## - TITLE STATEMENT |
| Statement of responsibility, etc. |
რედ.-პ. სამსონიძე |
| 260 ## - PUBLICATION, DISTRIBUTION, ETC. |
| Place of publication, distribution, etc. |
თბილისი |
| 260 ## - PUBLICATION, DISTRIBUTION, ETC. |
| Name of publisher, distributor, etc. |
ფედერაცია |
| 260 ## - PUBLICATION, DISTRIBUTION, ETC. |
| Date of publication, distribution, etc. |
1936 |
| 300 ## - PHYSICAL DESCRIPTION |
| Extent |
55გვ. ; 19სმ. |
| 653 ## - INDEX TERM--UNCONTROLLED |
| Uncontrolled term |
საქართველოს ოქტომბერი |
| 942 ## - ADDED ENTRY ELEMENTS (KOHA) |
| Koha item type |
წიგნი |